Los aumentos masivos de salarios (Registro nro. 6181)

Detalles MARC
000 -LEADER
fixed length control field 00818 a2200193 4500
001 - CONTROL NUMBER
control field 57289
005 - DATE AND TIME OF LATEST TRANSACTION
control field 20260407155835.0
008 - FIXED-LENGTH DATA ELEMENTS--GENERAL INFORMATION
fixed length control field 260407a1967 arg spa d
003 - CONTROL NUMBER IDENTIFIER
control field AR-UNSa-BCEJYS
040 ## - CATALOGING SOURCE
Original cataloging agency AR-UNSa-BCEJYS
Language of cataloging spa
Transcribing agency AR-UNSa-BCEJYS
080 ## - UNIVERSAL DECIMAL CLASSIFICATION NUMBER
Universal Decimal Classification number 331.2
Common auxiliary subdivision Salarios. Sueldos. Remuneraciones
100 1# - MAIN ENTRY--PERSONAL NAME
Personal name Alvarez, Carlos Emiliano
245 10 - TITLE STATEMENT
Title Los aumentos masivos de salarios
264 #1 - PRODUCTION, PUBLICATION, DISTRIBUTION, MANUFACTURE, AND COPYRIGHT NOTICE
Place of production, publication, distribution, manufacture Buenos Aires :
Name of producer, publisher, distributor, manufacturer Losada
Date of production, publication, distribution, manufacture, or copyright notice 1967
300 ## - PHYSICAL DESCRIPTION
Extent 138 p.
Dimensions 20 cm.
505 ## - FORMATTED CONTENTS NOTE
Formatted contents note 1. Los aumentos masivos de salarios como factor – patrón de la crisis de estabilidad económica – 2. El coeficiente de productividad como árbitro de la puja entre precios y salarios – 3. Plan para neutralizar los aumentos de costos ocasionados por el alza de los precios
590 ## - LOCAL NOTE (RLIN)
Local note niveau_biblio:m niveau_hierar:0
942 ## - ADDED ENTRY ELEMENTS (KOHA)
Koha item type
Existencias
Withdrawn status Lost status Damaged status Not for loan Home library Current library Shelving location Date acquired Total checkouts Full call number Barcode Date last seen Price effective from Koha item type
        Biblioteca Prof. Eusebio Cleto del Rey Biblioteca Prof. Eusebio Cleto del Rey   07/04/2026   331.2 A472 L23890 07/04/2026 07/04/2026 Libro